Nhạc - Giáo trình guitar phần II Tập 11

Gespeichert in:
Bibliographische Detailangaben
1. Verfasser: Đoàn, Phương Hải
Format: Buch
Schlagworte:
Tags: Tag hinzufügen
Keine Tags, Fügen Sie den ersten Tag hinzu!
Thư viện lưu trữ: Trung tâm Học liệu Lê Vũ Hùng, Trường Đại học Đồng Tháp
LEADER 00695pam a22002298a 4500
001 00038795
005 20171026081025.0
008 170517s ||||||Viesd
041 0 # |a Vie 
082 1 4 |a 787.87  |b GI108TR 
100 1 # |a Đoàn, Phương Hải 
245 1 0 |a Nhạc - Giáo trình guitar phần II Tập 11  |c Đoàn Phương Hải 
300 # # |a 60 tr.  |c 29 cm 
653 # # |a Giáo trình 
653 # # |a Nhạc 
653 # # |a guitar 
852 # # |b Kho mượn  |j KGT.0052950 
852 # # |b Kho đọc  |j KD.0021010 
852 # # |j KD.0021010  |j KGT.0052950 
910 |d 17/05/2017 
980 # # |a Trung tâm Học liệu Lê Vũ Hùng, Trường Đại học Đồng Tháp